000 00491nam a22001577a 4500
003 macl
005 20240702145528.0
008 240702b |||||||| |||| 00| 0 eng d
040 _cmacl
082 _a001
100 _aकुमार, सुन्‍दरम
_982443
245 _aकम्‍पेंडियम जनरल नॉलेज
260 _aआगरा
_bउपकार प्रकाशन
_c2019
650 _a जनरल नॉलेज
_982444
942 _2ddc
_cHIN
999 _c66941
_d66941